Statistiques concernant Capitales américaines aléatoires

Cliquez ici pour prendre le quiz!

Statistiques générales

  • Ce quiz a été pris 273 fois
  • Le résultat moyen est 7 sur 10

Statistiques - réponses

PaysCapitale% Correct
BrésilBrasilia
100%
PérouLima
100%
CanadaOttawa
100%
PanamáPanamá
100%
SalvadorSan Salvador
100%
ChiliSantiago
100%
Etats-UnisWashington D.C.
100%
BelizeBelmopan
88%
ColombieBogotá
86%
VenezuelaCaracas
86%
CubaLa Havane
86%
BolivieSucre
83%
GuatemalaGuatemala
80%
BahamasNassau
80%
Costa RicaSan José
78%
ParaguayAsunción
67%
ArgentineBuenos Aires
67%
MexiqueMexico
67%
Saint-Vincent-et-les-GrenadinesKingstown
64%
Sainte-LucieCastries
60%
UruguayMontevideo
60%
JamaïqueKingston
50%
SurinameParamaribo
50%
HaitiPort-au-Prince
50%
EquateurQuito
50%
République DominicaineSaint-Domingue
50%
HondurasTegucigalpa
50%
DominiqueRoseau
43%
GuyanaGeorgetown
40%
Trinité-et-TobagoPort-d'Espagne
40%
Saint-Christophe-et-NiévèsBasseterre
33%
NicaraguaManagua
33%
GrenadeSaint-Georges
33%
BarbadeBridgetown
25%
Antigua-et-BarbudaSaint John's
0%

Distribution des résultats

Percentile par nombre de réponses

% des personnes avec chaque résultat

Votre développement - résultats

Vous n’avez pas pris ce quiz